000 nam a22 7a 4500
999 _c7630
_d7630
008 170923b xxu||||| |||| 00| 0 eng d
100 _94131
_aGupta.K.etal.
245 _aLab Biology-XII
260 _anew delhi
_bAP
_c2009